000 00342 a2200157 4500
001 13903
020 _a9788516093440
040 _cAnchieta - Aquarius
100 _aDraguer, Ricardo
240 1 0 _a=O homem-pássaro
_lpor
245 1 0 _a=O homem-pássaro
300 _a48
362 0 _a2014
650 4 _aLiteratura brasileira
942 _cBK
999 _c13903
_d13903